| 000 | 00772nam a2200241 4500 | ||
|---|---|---|---|
| 003 | OSt | ||
| 005 | 20240624061318.0 | ||
| 006 | a | ||
| 008 | 240624b |||||||| |||| 00| 0 eng d | ||
| 020 | _a9780071222051 | ||
| 040 |
_aDWCL-Main lib. _cOC |
||
| 082 |
_aCirc. 519.5 N325s 2011 _2Third edition |
||
| 100 | _aNavidi, William | ||
| 245 | _aStatistics for engineers and scientists / | ||
| 250 | _aThird edition | ||
| 260 |
_aN.Y. : _bMcGraw-Hill, _cc2011. |
||
| 300 |
_axviii, _b908 p. : ill. ; _c24 cm. |
||
| 504 | _aIncludes bibliographical reference & index. | ||
| 650 | _a1. Mathematical statistics-Simulation methods. | ||
| 650 | _a2. Bootstrap (Statistics). | ||
| 650 | _a3. Linear models ( Statistics) | ||
| 942 |
_2ddc _n0 _cBK-CIRC _kCirc. _eThird edition |
||
| 999 |
_c1227 _d1227 |
||